Hugonis Grotii De jure belli ac pacis libri tres (Record no. 154810)
[ view plain ]
| 000 -LEADER | |
|---|---|
| campo de control de longitud fija | 01259nam a22002775i 4500 |
| 001 - NÚMERO DE CONTROL | |
| campo de control | 154810 |
| 003 - IDENTIFICADOR DE NÚMERO DE CONTROL | |
| campo de control | ES-MaACL |
| 005 - FECHA Y HORA DE LA ÚLTIMA TRANSACCIÓN | |
| campo de control | 20251019063053.0 |
| 008 - DATOS DE LONGITUD FIJA--INFORMACIÓN GENERAL | |
| campo de control de longitud fija | 980721s1712 ne |||| | lat d |
| 040 ## - FUENTE DE CATALOGACIÓN | |
| Centro catalogador/agencia de origen | CCPB | B |
| Lengua de catalogación | spa |
| Centro/agencia transcriptor | CCPB | B |
| 100 ## - ENTRADA PRINCIPAL--NOMBRE DE PERSONA | |
| Nombre de persona | Grotius, Hugo, |
| Fechas asociadas al nombre | 1583-1645 |
| 9 (RLIN) | 222293 |
| 245 10 - MENCIÓN DEL TÍTULO | |
| Título | Hugonis Grotii De jure belli ac pacis libri tres |
| Resto del título | : in quibus jus naturae & gentium item juris publici praecipua explicatur ... eiusdem dissertatio de mari libero & libellus singularis de aequitate, indulgentia, & facilitate / |
| Mención de responsabilidad, etc. | nec non Joann. Frid. Gronovii notae. |
| 250 ## - MENCION DE EDICION | |
| Mención de edición | Ed. novissima. |
| 260 ## - PUBLICACIÓN, DISTRIBUCIÓN, ETC. | |
| Lugar de publicación, distribución, etc. | Amstelaedami : |
| Nombre del editor, distribuidor, etc. | ex Officina Wetsteniana, |
| Fecha de publicación, distribución, etc. | 1712. |
| 300 ## - DESCRIPCIÓN FÍSICA | |
| Extensión | [10], XXXIV, 946, [94] p. ; |
| Dimensiones | 8º. |
| 597 ## - NOTA DE DESCRIPCIÓN FÍSICA | |
| NOTA DE DESCRIPCIÓN FÍSICA | Sign.: *\p6\s, 2*\p8\s, 3*\p8\s, A-Z\p8\s, 2A-2Z\p8\s, 3A-3T\p8\s. |
| 597 ## - NOTA DE DESCRIPCIÓN FÍSICA | |
| NOTA DE DESCRIPCIÓN FÍSICA | Port. con grab. cal. |
| 597 ## - NOTA DE DESCRIPCIÓN FÍSICA | |
| NOTA DE DESCRIPCIÓN FÍSICA | Precede a la port. grab. calc. del retrato del autor. |
| 597 ## - NOTA DE DESCRIPCIÓN FÍSICA | |
| NOTA DE DESCRIPCIÓN FÍSICA | Port. a dos tintas con grab. xil. |
| 700 11 - ENTRADA AGREGADA--NOMBRE PERSONAL | |
| Nombre de persona | Gronovius, Ioannes Fredericus ( |
| Fechas asociadas al nombre | 1611-1671), |
| Término indicativo de función/relación | |
| 9 (RLIN) | 127568 |
| 710 21 - ENTRADA AGREGADA--NOMBRE DE ENTIDAD CORPORATIVA | |
| Nombre de entidad corporativa o nombre de jurisdicción como elemento de entrada | Officina Wetsteniana, |
| Término indicativo de función/relación | |
| 9 (RLIN) | 134730 |
| 740 01 - ENTRADA AGREGADA--TÍTULO RELACIONADO/ANALÍTICO NO CONTROLADO | |
| Título relacionado o analítico no controlado | De iure belli ac pacis. |
| 752 ## - ENTRADA AGREGADA--NOMBRE JERÁRQUICO DEL LUGAR | |
| País o entidad superior | Holanda - |
| Ciudad | Amsterdam |
| 852 ## - LOCALIZACIÓN | |
| Ubicación | ES-MaACL |
| Número de control de estantería | R-1427 |
| Nota libre | -- Enc. pasta |
| Encuadernación | Olim: G-12605 |
| Estatus retirado | Estado de pérdida | Estado de daño | No para préstamo | Colección | Biblioteca de origen | Biblioteca actual | Ubicación en estantería | Fecha de adquisición | Fuente de adquisición | Total de préstamos | Signatura topográfica completa | Código de barras | Visto por última vez | Precio de reemplazo | Tipo de ítem Koha |
|---|---|---|---|---|---|---|---|---|---|---|---|---|---|---|---|
| Libros del s. XVIII | Biblioteca del Ateneo de Madrid | Biblioteca del Ateneo de Madrid | Depósito | 17/01/2008 | R-1427 | 1161922 | 23/02/2023 | 23/02/2023 | Libro impreso antiguo |
